Propuesta de regeneración urbana del sector Candelaria en el distrito I de Managua

Presenta una propuesta de regeneración urbana del sector Candelaria en el distrito I de Managua, la propuesta consiste en un programa integral orientado a atacar diferentes frentes, el proceso de deterioro urbano y los fenómenos que lo originan, implica rehabilitación, remodelación, renovación,...

Full description

Bibliographic Details
Main Authors: Osejo López, Wilfredo, Galeano Rodríguez, Claudia Carolina
Other Authors: Tutor: Pérez Barberena, María Isabel
Format: Tesis Section = Libro
Language:Undetermined
Spanish
Published: Managua UNI 2013
Subjects:
LEADER 01143nam a2200253Ia 4500
008 240830s9999 xx 000 0 und d
040 |a BIBLIOTECA-RUSB/ Mon 711.4 O81 
041 |a spa 
082 |a Mon 711.4 O81 
100 1 |a Osejo López, Wilfredo 
100 1 |b  Galeano Rodríguez, Claudia Carolina 
245 1 0 |a Propuesta de regeneración urbana del sector Candelaria en el distrito I de Managua 
260 |a Managua  |b UNI  |c 2013 
300 |a 90 p. :il. 
500 |a Contiene: anexos. 
502 |a Tesis (Arquitecto) - UNI, 2013. 
520 3 |a Presenta una propuesta de regeneración urbana del sector Candelaria en el distrito I de Managua, la propuesta consiste en un programa integral orientado a atacar diferentes frentes, el proceso de deterioro urbano y los fenómenos que lo originan, implica rehabilitación, remodelación, renovación, mejoramiento etc. 
650 7 |a URBANISMO - MEJORAMIENTO URBANO 
650 7 |b  RENOVACION URBANA - PLANIFICACION DEL ESPACIO 
650 7 |c  ARQUITECTURA - DISEÑO Y PLANOS 
700 1 |a Tutor:  |b Pérez Barberena, María Isabel 
942 |c BK  |2 ddc 
991 |a TESIS 
999 |c 20951